00454 2200181 4500001002100000005001500021035002000036008004100056245004400097100002200141250000600163260004400169300001100213084001400224082000800238650001400246990001200260INLIS00000000000018720240502113940 a0010-0424000163240502 0 ind 1 aAyo, Mengukur Berat /cAlanna Faradiana aFaradiana, Alanna a1 aSurabaya :bCV. Graha Ilmu Mulia,c2009 a29 hlm a500 ALA a a500 4aNon Fiksi a0732467